00890nam a2200253 a 450000100060000000300080000600500170001400800410003103500190007204000360009104100080012708200250013510000360016024500720019626000390026830000240030749000310033150000180036265000410038083000410042194200120046299900170047495201450049146675BD-RjUL20211209054204.0160803s1942 ii 001 0 eng d a(BD-RjUL)46794 aMLLdEQOdBD-RjULbengcBD-RjUL aeng 223a349.54bSIL 19421 aSircar, Nripendra Nath.914230014aThe law of arbitration in British India /cby Nripendra Nath Sircar aCalcutta :bSubodh Kumar De,c1942 alx, 469 p. ;c25 cm aTagore law lectures v1942 aInclude index 0aArbitration and awardzIndia9142301 0aTagore law lectures ;v1942.9130018 2ddccBK c46675d46675 00102ddc40708NFICaRUCLbRUCLcStackd1956-04-10eEastern law houseg10.00l0o349.54 SIL 1942r2016-08-03 00:00:00tC-2w2016-08-03yBK